<?xml version="1.0" encoding="UTF-8"?>
<record
    xmlns:xsi="http://www.w3.org/2001/XMLSchema-instance"
    xsi:schemaLocation="http://www.loc.gov/MARC21/slim http://www.loc.gov/standards/marcxml/schema/MARC21slim.xsd"
    xmlns="http://www.loc.gov/MARC21/slim">

  <leader>01159nam a22002897a 4500</leader>
  <controlfield tag="003">CSPC</controlfield>
  <controlfield tag="005">20240627154156.0</controlfield>
  <controlfield tag="008">230308t        xxu||||| |||| 00| 0 eng d</controlfield>
  <datafield tag="040" ind1=" " ind2=" ">
    <subfield code="c">CSPC</subfield>
  </datafield>
  <datafield tag="090" ind1=" " ind2=" ">
    <subfield code="a">UTH BSOA J492e 2022</subfield>
  </datafield>
  <datafield tag="100" ind1="1" ind2=" ">
    <subfield code="a">Julianes, Jenre Jem O.,</subfield>
    <subfield code="e">author</subfield>
  </datafield>
  <datafield tag="245" ind1="1" ind2="4">
    <subfield code="a">The efficiency of pre-recorded teaching in Bachelor of Science in Office Administration program of Camarines Sur Polytechnic Colleges / </subfield>
    <subfield code="c">Jenre Jem O. Juliane, Stephani Ashley F. Maomay and KC P. Tabagan.</subfield>
  </datafield>
  <datafield tag="260" ind1=" " ind2=" ">
    <subfield code="a">Nabua, Camarines Sur :</subfield>
    <subfield code="b">Camarines Sur Polytechnic Colleges,</subfield>
    <subfield code="c">2022.</subfield>
  </datafield>
  <datafield tag="300" ind1=" " ind2=" ">
    <subfield code="a">79 leaves</subfield>
  </datafield>
  <datafield tag="336" ind1=" " ind2=" ">
    <subfield code="2">rdacontent</subfield>
    <subfield code="a">text</subfield>
  </datafield>
  <datafield tag="337" ind1=" " ind2=" ">
    <subfield code="2">rdamedia</subfield>
    <subfield code="a">unmediated</subfield>
  </datafield>
  <datafield tag="338" ind1=" " ind2=" ">
    <subfield code="2">rdacarrier</subfield>
    <subfield code="a">volume</subfield>
  </datafield>
  <datafield tag="502" ind1=" " ind2=" ">
    <subfield code="a">Undergraduate Thesis (BSOA) - Office Administration.</subfield>
    <subfield code="c">Camarines Sur Polytechnic Colleges, 2022.</subfield>
  </datafield>
  <datafield tag="504" ind1=" " ind2=" ">
    <subfield code="a">Includes bibliographical references.</subfield>
  </datafield>
  <datafield tag="700" ind1="1" ind2=" ">
    <subfield code="a">Maomay, Stephani Ashley F.,</subfield>
    <subfield code="e">author</subfield>
  </datafield>
  <datafield tag="700" ind1="1" ind2=" ">
    <subfield code="a">Tabagan, KC P.,</subfield>
    <subfield code="e">author</subfield>
  </datafield>
  <datafield tag="720" ind1=" " ind2=" ">
    <subfield code="a">Maomay, Stephani Ashley F.,</subfield>
    <subfield code="e">Author</subfield>
  </datafield>
  <datafield tag="720" ind1=" " ind2=" ">
    <subfield code="a">Tabagan, KC P.,</subfield>
    <subfield code="e">Author</subfield>
  </datafield>
  <datafield tag="940" ind1=" " ind2=" ">
    <subfield code="a">marc</subfield>
  </datafield>
  <datafield tag="942" ind1=" " ind2=" ">
    <subfield code="2">ddc</subfield>
    <subfield code="c">UM</subfield>
    <subfield code="h">J942e</subfield>
    <subfield code="i">BSOA</subfield>
    <subfield code="k">UTH</subfield>
    <subfield code="m">2022</subfield>
  </datafield>
  <datafield tag="952" ind1=" " ind2=" ">
    <subfield code="0">0</subfield>
    <subfield code="1">0</subfield>
    <subfield code="2">ddc</subfield>
    <subfield code="4">0</subfield>
    <subfield code="7">0</subfield>
    <subfield code="a">CSPC</subfield>
    <subfield code="b">CSPC</subfield>
    <subfield code="c">UTH</subfield>
    <subfield code="d">2023-05-12</subfield>
    <subfield code="l">0</subfield>
    <subfield code="o">UTH BSOA J942e 2022</subfield>
    <subfield code="p">005891UM</subfield>
    <subfield code="r">2023-05-12 00:00:00</subfield>
    <subfield code="t">1-1</subfield>
    <subfield code="w">2023-05-12</subfield>
    <subfield code="y">UM</subfield>
  </datafield>
  <datafield tag="999" ind1=" " ind2=" ">
    <subfield code="c">13140</subfield>
    <subfield code="d">13140</subfield>
  </datafield>
</record>
